00627nam a2200241Ia 4500008004100000020001600041050000900057050001600066100001900082245002000101245004500121260001200166260002500178260000900203300002700212300001100239650001600250650002800266650002500294650002200319650002200341650002200363170203s9999 xx 000 0 und d a0-374356386 aFic  b.C335o 2003 aCasanova, Mary aOne-dog canoe / cby Mary Casanova ; pictures by Ard Hoyt. aChina : bSouth China Co. Ltd. c2003 bcolor illustrations ;  c26 cm. aAnimals --  aCanoes and canoeing --  aStories in rhyme --  xJuvenile fiction. xJuvenile fiction. xJuvenile fiction.